|
|
|
|
| LEADER |
00933nab#a2200301#ar4500 |
| 001 |
000072963 |
| 003 |
SVKKK |
| 005 |
20030603xxxxxxx. |
| 008 |
06 c xo huno |
| FMT |
|
|
|
| 038 |
|
|
|a SVKKK
|
| 040 |
|
|
|a SVKKK
|b slo
|e AACR2
|
| 041 |
0 |
|
|a hun
|
| 044 |
|
|
|a xo
|c SK
|
| 080 |
|
|
|a 394.6
|
| 242 |
1 |
0 |
|a Verejná účtenka a poďakovanie
|
| 245 |
0 |
0 |
|a Nyilvános nyugta és köszönet
|
| 500 |
|
|
|a mikrofilm
|
| 520 |
2 |
|
|a Vyúčtovanie a poďakovanie všetkým tým, ktorí sa podielali na úspešnom priebehu dobročinného jarmoku konaného v Humennom 6. septembra 1908.
|
| 650 |
0 |
4 |
|a vyúčtovanie - jarmok dobročinný - Humenné - 6.09.1908 - texty
|
| 773 |
0 |
|
|t Felvidéki Hirlap : Közgazdasági, társadalmi és szépirodalmi hetilap
|g Roč. 1, č. 29 (27.09.1908) s. 3
|
| 957 |
|
|
|a Humenné
|
| 958 |
|
|
|a DG
|
| 958 |
|
|
|a SK
|
| 974 |
|
|
|a Ba
|d 20030603
|
| 992 |
|
|
|a RBX
|
| BAS |
|
|
|
| 998 |
|
|
|a RETRO
|